[Event "Panamericano Sub 20 - Absoluto -"]
[Site "Montevideo"]
[Date "2009.10.12"]
[Round "9"]
[White "García Cárdenas, Pablo"]
[Black "Pulvett, Daniel"]
[Result "0-1"]
[WhiteElo "2312"]
[BlackElo "2237"]
[PlyCount "58"]
[EventDate "2009.10.??"]
[EventType "swiss"]
[EventRounds "9"]
[EventCountry "URU"]
[SourceDate "2009.10.06"]

1. e4 c5 2. Nf3 d6 3. d4 cxd4 4. Nxd4 Nf6 5. Nc3 a6 6. Be3 e5 7. Nb3 Be6 8. Qd2
Nbd7 9. f4 Qc7 10. O-O-O b5 11. f5 Bc4 12. h3 b4 13. Nd5 Bxd5 14. exd5 a5 15.
Kb1 a4 16. Nc1 Rb8 17. g4 a3 18. Bg2 axb2 19. Nd3 Nb6 20. Nxb2 h6 21. Qe2 Nfd7
22. Qb5 Qa7 23. Qc6 Be7 24. f6 Bxf6 25. Rd3 O-O 26. Be4 Ra8 27. Kc1 Qxa2 28. g5
Bxg5 29. Qxd6 Bxe3+ 0-1

[Event "Panamericano Sub 20 - Absoluto -"]
[Site "Montevideo"]
[Date "2009.10.12"]
[Round "9"]
[White "Krysa, Leandro"]
[Black "García Guerrero, Isaac"]
[Result "1-0"]
[WhiteElo "2284"]
[BlackElo "2156"]
[PlyCount "51"]
[EventDate "2009.10.??"]
[EventType "swiss"]
[EventRounds "9"]
[EventCountry "URU"]
[SourceDate "2009.10.06"]

1. d4 d5 2. c4 e6 3. Nf3 Nf6 4. Nc3 Bb4 5. Qa4+ Nc6 6. e3 O-O 7. Be2 Bd7 8. Qc2
dxc4 9. O-O e5 10. Nxe5 Nxe5 11. dxe5 Ng4 12. Qe4 Bxc3 13. bxc3 Qg5 14. f4 Qh4
15. h3 Nh6 16. Bxc4 Nf5 17. Qc2 Ng3 18. Qf2 Rfd8 19. Ba3 b5 20. Bb3 Bf5 21.
Rfd1 Bd3 22. Kh2 a5 23. Qxg3 Qxg3+ 24. Kxg3 a4 25. Be7 Rd7 26. Bc2 1-0

[Event "Panamericano Sub 20 - Absoluto -"]
[Site "Montevideo"]
[Date "2009.10.12"]
[Round "9"]
[White "Cóppola, Claudio"]
[Black "Diaz, Ciro"]
[Result "0-1"]
[WhiteElo "2105"]
[BlackElo "2323"]
[PlyCount "92"]
[EventDate "2009.10.??"]
[EventType "swiss"]
[EventRounds "9"]
[EventCountry "URU"]
[SourceDate "2009.10.06"]

1. d4 Nf6 2. c4 g6 3. g3 Bg7 4. Bg2 O-O 5. Nc3 d6 6. Nf3 Nc6 7. O-O Bf5 8. d5
Na5 9. Nd2 c5 10. e4 Bd7 11. Qc2 a6 12. b3 b5 13. Bb2 Rb8 14. Rfe1 e5 15. Nd1
Ng4 16. h3 Nh6 17. f4 bxc4 18. Nxc4 Nxc4 19. Qxc4 f5 20. fxe5 Bb5 21. Qc2 dxe5
22. Nf2 Qb6 23. Rac1 Rbc8 24. Ba3 Qf6 25. exf5 gxf5 26. Bxc5 Nf7 27. a4 Bd7 28.
Qe2 Rfe8 29. g4 Rb8 30. Qc4 f4 31. Ne4 Qg6 32. Kf2 h5 33. gxh5 Qxh5 34. Bf3
Qh4+ 35. Ke2 Ng5 36. Nxg5 Qxg5 37. Rg1 Qf6 38. Bh5 Kh8 39. Rcf1 Rec8 40. Rg6
Qf5 41. Bg4 Qxg6 42. Bxd7 Rc7 43. Bg4 Bf8 44. b4 Bxc5 45. bxc5 Rb2+ 46. Kf3
Rxc5 0-1

[Event "Panamericano Sub 20 - Absoluto -"]
[Site "Montevideo"]
[Date "2009.10.12"]
[Round "9"]
[White "Arcos Facio, Mateo"]
[Black "Mamani, Joan"]
[Result "0-1"]
[WhiteElo "2109"]
[BlackElo "2060"]
[PlyCount "138"]
[EventDate "2009.10.??"]
[EventType "swiss"]
[EventRounds "9"]
[EventCountry "URU"]
[SourceDate "2009.10.06"]

1. e4 Nc6 2. Nf3 d5 3. exd5 Qxd5 4. Nc3 Qa5 5. d4 Bg4 6. Bb5 O-O-O 7. Bxc6 bxc6
8. h3 Qh5 9. Qd3 Bxf3 10. gxf3 Kb8 11. Bf4 e6 12. O-O-O Qa5 13. Qc4 Kb7 14. Ne4
Qb4 15. Qd3 Qa4 16. Kb1 Nf6 17. Be5 Nd7 18. Bg3 Be7 19. Qe3 Qa5 20. c4 Nf6 21.
Rd3 Rd7 22. Rc1 Ka8 23. Nxf6 gxf6 24. c5 Qa4 25. Rcc3 f5 26. Qe1 Rb8 27. Ra3
Qb4 28. Qxb4 Rxb4 29. Ra6 Rdxd4 30. Rda3 Bxc5 31. Rxc6 Bb6 32. Bxc7 Kb7 33.
Rac3 Rd2 34. Bxb6 Rdxb2+ 35. Kc1 axb6 36. Rc7+ Ka6 37. Rxf7 Rxa2 38. Rxh7 Rxf2
39. Rh6 Rh2 40. Rxe6 Rxh3 41. Ra3+ Kb7 42. Kd2 Rh7 43. Rf6 Rd7+ 44. Ke3 Rd5 45.
Ra2 Rc5 46. Kf2 f4 47. Kg2 Rh5 48. Rc2 Ka6 49. Ra2+ Kb5 50. Re2 Rg5+ 51. Kf2
Rc5 52. Kg2 Rc3 53. Ra2 Rcb3 54. Rf5+ Kc6 55. Rc2+ Kd6 56. Rf6+ Ke5 57. Rf8 Rb2
58. Re8+ Kf5 59. Rce2 Rxe2+ 60. Rxe2 b5 61. Rc2 Ke5 62. Re2+ Kd5 63. Kh3 Rd4
64. Kg4 b4 65. Kf5 b3 66. Re5+ Kc4 67. Re8 Kc3 68. Ke5 Rc4 69. Kd5 b2 0-1

[Event "Panamericano Sub 20 - Absoluto -"]
[Site "Montevideo"]
[Date "2009.10.12"]
[Round "9"]
[White "Uribe, Daniel"]
[Black "Carbone, Diego"]
[Result "0-1"]
[WhiteElo "2264"]
[BlackElo "1912"]
[PlyCount "62"]
[EventDate "2009.10.??"]
[EventType "swiss"]
[EventRounds "9"]
[EventCountry "URU"]
[SourceDate "2009.10.06"]

1. e4 c5 2. Nf3 e6 3. d4 cxd4 4. c3 Nc6 5. cxd4 d5 6. e5 Qb6 7. Nc3 Bd7 8. Bd3
Nxd4 9. Nxd4 Qxd4 10. O-O Qxe5 11. Re1 Qb8 12. Nxd5 Bd6 13. Qg4 Kf8 14. Bd2 h5
15. Qh3 Bc6 16. Nb4 Be8 17. Bc3 Ne7 18. Bc4 b5 19. Bd3 a5 20. Nc2 b4 21. Bd2
Be5 22. Ne3 Bc6 23. Nc4 Bf4 24. Bxf4 Qxf4 25. Ne5 Bd5 26. g3 Qd4 27. Rad1 Qxb2
28. Qh4 f6 29. Ng6+ Nxg6 30. Bxg6 Qc3 31. Rxd5 Qxe1+ 0-1

[Event "Panamericano Sub 20 - Absoluto -"]
[Site "Montevideo"]
[Date "2009.10.12"]
[Round "9"]
[White "Vázquez Reyes, Raúl"]
[Black "Decuadro, Sebastián"]
[Result "1-0"]
[WhiteElo "2137"]
[BlackElo "2034"]
[PlyCount "91"]
[EventDate "2009.10.??"]
[EventType "swiss"]
[EventRounds "9"]
[EventCountry "URU"]
[SourceDate "2009.10.06"]

1. e4 c5 2. Nf3 d6 3. d4 cxd4 4. Nxd4 Nf6 5. Nc3 a6 6. Bg5 e6 7. f4 Be7 8. Qf3
Qc7 9. O-O-O Nbd7 10. g4 b5 11. Bxf6 Nxf6 12. g5 Nd7 13. f5 Bxg5+ 14. Kb1 Ne5
15. Qh5 Qd8 16. h4 Bf6 17. fxe6 O-O 18. Bh3 g6 19. Qe2 Re8 20. exf7+ Nxf7 21.
Nc6 Qb6 22. Nd5 Qxc6 23. Nxf6+ Kg7 24. Nxe8+ Qxe8 25. Bxc8 Rxc8 26. h5 g5 27.
h6+ Kg8 28. Qf3 Qe6 29. Rdf1 Re8 30. Rhg1 Qg6 31. b3 Nxh6 32. Qc3 Nf7 33. Rf6
Qg7 34. Rgf1 Rf8 35. Qf3 g4 36. Qf5 g3 37. Qf3 g2 38. Rg1 Ne5 39. Rxf8+ Qxf8
40. Qxg2+ Ng6 41. Qg5 Qf7 42. Qd8+ Qf8 43. Qc7 Qf4 44. Qc8+ Kg7 45. Qxa6 Qe3
46. Qb7+ 1-0

[Event "Panamericano Sub 20 - Absoluto -"]
[Site "Montevideo"]
[Date "2009.10.12"]
[Round "9"]
[White "Meza, Hugo"]
[Black "Cucchi, Nicolás"]
[Result "1-0"]
[WhiteElo "2276"]
[BlackElo "1963"]
[PlyCount "77"]
[EventDate "2009.10.??"]
[EventType "swiss"]
[EventRounds "9"]
[EventCountry "URU"]
[SourceDate "2009.10.06"]

1. d4 Nf6 2. Bg5 d5 3. e3 e6 4. c4 Nbd7 5. cxd5 exd5 6. Nc3 Bb4 7. Bd3 c5 8.
Nge2 Qa5 9. dxc5 O-O 10. O-O Re8 11. a3 Bxc3 12. Nxc3 Qxc5 13. Rc1 Qb6 14. Nb5
Re7 15. Nc7 Rb8 16. Bb1 Nf8 17. Bxf6 Rxc7 18. Bd4 Rxc1 19. Qxc1 Qc6 20. Bxa7
Ra8 21. Bd4 Qxc1 22. Rxc1 Bd7 23. Ba2 Bc6 24. Rd1 Rd8 25. Bb6 Rd7 26. b4 Ng6
27. Bb3 Ne7 28. a4 Nc8 29. Bd4 b6 30. Rc1 Bb7 31. Bd1 f5 32. Be2 Kf7 33. g4 g6
34. gxf5 gxf5 35. Kg2 Ke6 36. Kf3 Rf7 37. Rg1 Re7 38. Bd3 Rf7 39. Rg7 1-0

[Event "Panamericano Sub 20 - Absoluto -"]
[Site "Montevideo"]
[Date "2009.10.12"]
[Round "9"]
[White "Hurtado, Matías"]
[Black "Silveira, Shubert"]
[Result "0-1"]
[WhiteElo "1920"]
[BlackElo "2065"]
[PlyCount "52"]
[EventDate "2009.10.??"]
[EventType "swiss"]
[EventRounds "9"]
[EventCountry "URU"]
[SourceDate "2009.10.06"]

1. e4 c5 2. Nf3 d6 3. d4 cxd4 4. Nxd4 Nf6 5. Nc3 a6 6. Be3 e6 7. g4 Be7 8. g5
Nfd7 9. f4 Nc6 10. Nf3 Qc7 11. Qd2 b5 12. a3 Bb7 13. Qf2 Rc8 14. Bd3 b4 15.
axb4 Nxb4 16. O-O Nc5 17. Qe2 O-O 18. Nd2 d5 19. exd5 Ncxd3 20. cxd3 exd5 21.
Nb3 Rfe8 22. Qd2 d4 23. Bxd4 Qd7 24. Ne4 Qd5 25. Qd1 Nc2 26. Qh5 Nxd4 0-1

[Event "Panamericano Sub 20 - Absoluto -"]
[Site "Montevideo"]
[Date "2009.10.12"]
[Round "9"]
[White "Vaz, Leonardo"]
[Black "Izquierdo, Sebastián"]
[Result "0-1"]
[WhiteElo "2028"]
[BlackElo "2018"]
[PlyCount "138"]
[EventDate "2009.10.??"]
[EventType "swiss"]
[EventRounds "9"]
[EventCountry "URU"]
[SourceDate "2009.10.06"]

1. e4 c6 2. d4 d5 3. Nc3 dxe4 4. Nxe4 Bf5 5. Ng3 Bg6 6. Nf3 Nd7 7. h4 h6 8. h5
Bh7 9. Bd3 Bxd3 10. Qxd3 e6 11. Bf4 Qa5+ 12. Bd2 Qc7 13. Ne4 Ngf6 14. O-O-O
O-O-O 15. Nxf6 Nxf6 16. Qc4 Rd5 17. Ne5 c5 18. Be3 Bd6 19. f4 Rd8 20. Qe2 cxd4
21. Bxd4 Kb8 22. g3 Bb4 23. Nf3 Qa5 24. Be5+ Ka8 25. Qc4 Qc5 26. Qe2 Qa5 27.
Qc4 Bc5 28. Rxd5 Rxd5 29. c3 Qd8 30. b4 Bb6 31. a4 a5 32. bxa5 Bxa5 33. Nd4 Qf8
34. Kc2 Rc5 35. Qa2 Rxc3+ 36. Kd1 Qc5 37. Qb1 Qd5 38. Rh2 Rxg3 39. Qc2 Rg1+ 40.
Ke2 Rg2+ 41. Rxg2 Qxg2+ 42. Kd3 Qe4+ 43. Kc4 Qxc2+ 44. Nxc2 Nxh5 45. Nd4 Bb6
46. Nb5 Bd8 47. Kc5 f6 48. Bd6 Ng3 49. Bf8 Nf5 50. Nd6 Be7 51. Bxe7 Nxe7 52.
Ne8 Nf5 53. Nc7+ Ka7 54. Nxe6 h5 55. Kd5 g6 56. Nf8 h4 57. Ke4 Ne7 58. Kf3 Ka6
59. Nd7 Ka5 60. Kg4 Nf5 61. Kh3 g5 62. Nxf6 gxf4 63. Kg4 Kxa4 64. Kxf5 b5 65.
Kxf4 h3 66. Ne4 h2 67. Nf2 b4 68. Ke4 b3 69. Kd3 Ka3 0-1

[Event "Panamericano Sub 20 - Absoluto -"]
[Site "Montevideo"]
[Date "2009.10.12"]
[Round "9"]
[White "Ibañez Iglesias, Rodrigo"]
[Black "Cabezas, Gonzalo"]
[Result "1-0"]
[WhiteElo "1934"]
[BlackElo "1929"]
[PlyCount "113"]
[EventDate "2009.10.??"]
[EventType "swiss"]
[EventRounds "9"]
[EventCountry "URU"]
[SourceDate "2009.10.06"]

1. e4 c5 2. Nf3 d6 3. d4 cxd4 4. Nxd4 Nf6 5. Nc3 g6 6. Be2 Bg7 7. O-O O-O 8.
Be3 Nc6 9. Nb3 Be6 10. f4 Rc8 11. Kh1 Qd7 12. Bf3 Bc4 13. Re1 b5 14. Nd4 b4 15.
Nd5 Ne8 16. Nxc6 Rxc6 17. e5 Bxd5 18. Bxd5 Rc8 19. a3 Qf5 20. Bxa7 dxe5 21.
axb4 exf4 22. Rxe7 Bxb2 23. Rb1 Bf6 24. Be4 Qg5 25. Rd7 Nc7 26. c4 Ne6 27. c5
Qe5 28. Qd5 Qc3 29. Qd3 Qxd3 30. Rxd3 Bd4 31. Rbd1 Bxc5 32. bxc5 Nxc5 33. Bxc5
Rxc5 34. Rf3 g5 35. Rh3 f5 36. Bd5+ Kg7 37. Bb3 h6 38. Rhd3 Re5 39. Rd7+ Kg6
40. h3 g4 41. R1d6+ Kg5 42. Rg7+ Kh4 43. hxg4 fxg4 44. Rxh6+ Kg3 45. Rh3+ Kf2
46. Rxg4 Re3 47. Kh2 Rxh3+ 48. gxh3 f3 49. h4 Ke3 50. Rg3 Rd8 51. Bf7 Rd2+ 52.
Kh3 Ke4 53. Bg6+ Kf4 54. Bh5 f2 55. Rf3+ Ke4 56. Kg3 Rd3 57. Bg6+ 1-0

[Event "Panamericano Sub 20 - Absoluto -"]
[Site "Montevideo"]
[Date "2009.10.12"]
[Round "9"]
[White "Michailov, Matías"]
[Black "Carlo, Daniel"]
[Result "1-0"]
[WhiteElo "1886"]
[BlackElo "2091"]
[PlyCount "47"]
[EventDate "2009.10.??"]
[EventType "swiss"]
[EventRounds "9"]
[EventCountry "URU"]
[SourceDate "2009.10.06"]

1. e4 c5 2. Nf3 e6 3. d4 cxd4 4. Nxd4 a6 5. Bd3 Qc7 6. O-O Nf6 7. Qe2 d6 8. c4
Be7 9. Nc3 Nc6 10. Nxc6 bxc6 11. f4 e5 12. Kh1 O-O 13. b3 Nd7 14. f5 Rd8 15.
Rf3 Nf8 16. Be3 Rb8 17. Raf1 Rd7 18. Rg3 Bh4 19. Rxg7+ Kxg7 20. Qg4+ Ng6 21.
fxg6 fxg6 22. Qxh4 Rf7 23. Rxf7+ Qxf7 24. Bh6+ 1-0